[Event "Nordic-ch Seniors"]
[Site "Sarpsborg"]
[Date "2019.06.24"]
[Round "6"]
[White "Kirppo, Ronny"]
[Black "Ulrichsen, Jarl Henning"]
[Result "0-1"]
[WhiteElo "1910"]
[BlackElo "2180"]
[PlyCount "90"]
[EventDate "2019.06.21"]
[EventType "swiss"]
[EventRounds "9"]
[EventCountry "NOR"]
[SourceTitle "EXT 2020"]
[Source "ChessBase"]
[SourceDate "2019.10.17"]
[SourceVersion "1"]
[SourceVersionDate "2019.10.17"]
[SourceQuality "1"]

1. d4 Nf6 2. c4 e6 3. Nf3 d5 4. g3 c6 5. Bg2 Nbd7 6. cxd5 exd5 7. Nc3 Bd6 8. 0-0 0-0 9. Qc2 Re8 10. Bf4 Nf8 11. Bxd6 Qxd6 12. Ne5 Ng4 13. Nxg4 Bxg4 14. Rfe1 Ne6 15. Qd2 Qb4 16. Rad1 f5 17. f3 Bh5 18. e3 Rad8 19. Rf1 g5 20. Rfe1 h6 21. Kh1 Qf8 22. Rc1 f4 23. exf4 gxf4 24. g4 Bg6 25. Re5 Nc7 26. Rce1 Rxe5 27. Rxe5 Re8 28. Ne2 Rxe5 29. dxe5 Ne6 30. Bf1 Qc5 31. Kg2 Qe3 32. Qxe3 fxe3 33. f4 Be4+ 34. Kg3 Bd3 35. Kf3 d4 36. Nxd4 Nxd4+ 37. Kxe3 Bxf1 38. Kxd4 Bh3 39. e6 Bxg4 40. Ke5 c5 41. f5 c4 42. f6 b5 43. Kd6 Kf8 44. e7+ Kf7 45. Kc7 Bh5 0-1

[Event "Nordic-ch Seniors"]
[Site "Sarpsborg"]
[Date "2019.06.22"]
[Round "2"]
[White "Mirza, Raad"]
[Black "Ulrichsen, Jarl Henning"]
[Result "0-1"]
[WhiteElo "1991"]
[BlackElo "2180"]
[PlyCount "92"]
[EventDate "2019.06.21"]
[EventType "swiss"]
[EventRounds "9"]
[EventCountry "NOR"]
[SourceTitle "EXT 2020"]
[Source "ChessBase"]
[SourceDate "2019.10.17"]
[SourceVersion "1"]
[SourceVersionDate "2019.10.17"]
[SourceQuality "1"]

1. e4 d6 2. d4 Nf6 3. Bd3 Nbd7 4. f4 e5 5. c3 c5 6. d5 c4 7. Bc2 exf4 8. Bxf4 Qb6 9. Qc1 Ng4 10. Nh3 Be7 11. b3 cxb3 12. axb3 0-0 13. Qd2 Bf6 14. Nf2 Nde5 15. h3 Nxf2 16. Qxf2 Qc7 17. 0-0 b5 18. Be3 a6 19. Bd4 Bb7 20. Nd2 Qe7 21. b4 Rac8 22. Kh2 Nd7 23. Nf3 Rxc3 24. Bxc3 Bxc3 25. Rab1 Ne5 26. Nd4 Ng4+ 27. hxg4 Qe5+ 28. Qf4 Qxf4+ 29. Rxf4 Bxd4 30. Rf3 Bc8 31. Rd3 Be5+ 32. Kh3 h5 33. Bd1 hxg4+ 34. Bxg4 f5 35. exf5 Rxf5 36. g3 Rh5+ 37. Kg2 Bxg4 38. Ra3 Bh3+ 39. Kf2 Rf5+ 40. Kg1 Bd4+ 41. Kh2 Rh5 42. g4 Bxg4+ 43. Kg2 Bf5 44. Re1 Be5 45. Rxa6 Rh2+ 46. Kg1 Rb2 0-1

[Event "WchT Seniors 65"]
[Site "Dresden"]
[Date "2018.07.13"]
[Round "7.5"]
[White "Ulrichsen, Jarl Henning"]
[Black "Sharif, Mershad"]
[Result "1/2-1/2"]
[WhiteElo "2196"]
[BlackElo "2353"]
[PlyCount "27"]
[EventDate "2018.07.07"]
[EventType "team-swiss"]
[EventRounds "9"]
[EventCountry "GER"]
[SourceTitle "CBM 185 Extra"]
[Source "ChessBase"]
[SourceDate "2018.07.29"]
[SourceVersion "1"]
[SourceVersionDate "2018.07.29"]
[SourceQuality "1"]
[WhiteTeam "Norway"]
[BlackTeam "France"]
[WhiteTeamCountry "NOR"]
[BlackTeamCountry "FRA"]

1. d4 d5 2. Nf3 Nf6 3. c4 e6 4. Nc3 Nbd7 5. e3 a6 6. Bd3 dxc4 7. Bxc4 b5 8. Be2 Bb7 9. 0-0 c5 10. b3 Bd6 11. Bb2 0-0 12. dxc5 Bxc5 13. Nd4 Ne5 14. Nf3 1/2-1/2

[Event "WchT Seniors 65"]
[Site "Dresden"]
[Date "2018.07.09"]
[Round "3.6"]
[White "Ulrichsen, Jarl Henning"]
[Black "Berry, Stephen"]
[Result "1/2-1/2"]
[WhiteElo "2196"]
[BlackElo "2298"]
[PlyCount "49"]
[EventDate "2018.07.07"]
[EventType "team-swiss"]
[EventRounds "9"]
[EventCountry "GER"]
[SourceTitle "CBM 185 Extra"]
[Source "ChessBase"]
[SourceDate "2018.07.29"]
[SourceVersion "1"]
[SourceVersionDate "2018.07.29"]
[SourceQuality "1"]
[WhiteTeam "Norway"]
[BlackTeam "England"]
[WhiteTeamCountry "NOR"]
[BlackTeamCountry "ENG"]

1. c4 e5 2. Nc3 d6 3. e3 f5 4. d3 Nf6 5. g3 Be7 6. Bg2 0-0 7. Nge2 c6 8. 0-0 Be6 9. b3 Nbd7 10. d4 Bf7 11. dxe5 dxe5 12. e4 fxe4 13. Nxe4 Nxe4 14. Bxe4 Nc5 15. Qxd8 Raxd8 16. Nc3 Nxe4 17. Nxe4 Bg6 18. Bg5 Bxg5 19. Nxg5 Rd2 20. f4 exf4 21. Ne6 Be4 22. Nxf4 g5 23. Rae1 Rxf4 24. gxf4 Rg2+ 25. Kh1 1/2-1/2

[Event "WchT Seniors 65"]
[Site "Radebeul"]
[Date "2016.07.02"]
[Round "7.6"]
[White "Ulrichsen, Jarl Henning"]
[Black "Kahn, Peter"]
[Result "1-0"]
[WhiteElo "2187"]
[BlackElo "2097"]
[PlyCount "67"]
[EventDate "2016.06.26"]
[EventType "team-swiss"]
[EventRounds "9"]
[EventCountry "GER"]
[SourceTitle "CBM 173 Extra"]
[Source "ChessBase"]
[SourceDate "2016.08.29"]
[SourceVersion "1"]
[SourceVersionDate "2016.08.29"]
[SourceQuality "1"]
[WhiteTeam "Norway"]
[BlackTeam "Dresden TU"]
[WhiteTeamCountry "NOR"]
[BlackTeamCountry "GER"]

1. b3 d5 2. Bb2 Nf6 3. e3 Bf5 4. f4 e6 5. Nf3 Be7 6. Nc3 0-0 7. Be2 c5 8. Ne5 Nc6 9. g4 Ne4 10. 0-0 Nxe5 11. gxf5 Nxc3 12. Bxc3 d4 13. Bb2 Nc6 14. fxe6 fxe6 15. Bc4 Qd6 16. f5 Ne5 17. Bxe6+ Kh8 18. exd4 cxd4 19. Qe2 Bf6 20. Qe4 Nc6 21. Rf3 Rad8 22. Re1 Qc5 23. Kh1 Qa5 24. Rh3 Qe5 25. Qxe5 Bxe5 26. Re4 Bf6 27. c3 dxc3 28. Bxc3 h6 29. Rg3 Nd4 30. Rg6 Rfe8 31. Rxf6 gxf6 32. Bxd4 Rf8 33. Bc3 Kg7 34. Rd4 1-0

[Event "WchT Seniors 65"]
[Site "Radebeul"]
[Date "2016.06.30"]
[Round "5.2"]
[White "Ulrichsen, Jarl Henning"]
[Black "Dickhoff, Ronald"]
[Result "1-0"]
[WhiteElo "2187"]
[BlackElo "2106"]
[PlyCount "125"]
[EventDate "2016.06.26"]
[EventType "team-swiss"]
[EventRounds "9"]
[EventCountry "GER"]
[SourceTitle "CBM 173 Extra"]
[Source "ChessBase"]
[SourceDate "2016.08.29"]
[SourceVersion "1"]
[SourceVersionDate "2016.08.29"]
[SourceQuality "1"]
[WhiteTeam "Norway"]
[BlackTeam "Koninklijke DD"]
[WhiteTeamCountry "NOR"]
[BlackTeamCountry "NED"]

1. b3 Nf6 2. Bb2 c5 3. e3 Nc6 4. f4 d6 5. Nf3 g6 6. Bxf6 exf6 7. c4 f5 8. Nc3 Bg7 9. Rc1 0-0 10. Be2 Be6 11. 0-0 Rc8 12. h4 h6 13. Kh1 a6 14. Qe1 Kh7 15. h5 Ne7 16. Qh4 Bxc3 17. hxg6+ Kg7 18. Rxc3 fxg6 19. Rfc1 Ng8 20. Qxd8 Rfxd8 21. d4 Nf6 22. Nd2 Bd7 23. Kg1 Re8 24. Bf3 Bc6 25. d5 Bd7 26. a3 a5 27. Kf2 g5 28. g3 Ra8 29. Rb1 Kf7 30. Rb2 b5 31. cxb5 Bxb5 32. b4 cxb4 33. axb4 g4 34. bxa5 Rxa5 35. Bg2 Re7 36. Rcb3 Ba6 37. Rb6 Ra3 38. Nb3 Bc4 39. Nd4 Raxe3 40. Nxf5 Re2+ 41. Rxe2 Rxe2+ 42. Kg1 Re1+ 43. Kh2 Bd3 44. Nxd6+ Ke7 45. Nc8+ Kf7 46. Rb3 Rd1 47. Rb7+ Kf8 48. Nd6 Kg8 49. Nf7 h5 50. d6 Bc4 51. Nh6+ Kf8 52. Rb8+ Kg7 53. Nf5+ Kf7 54. Ne3 Rd4 55. Rb4 h4 56. Rxc4 Rd3 57. Nf1 h3 58. Bb7 Rxd6 59. Rc2 Rb6 60. Bc8 Rb3 61. Re2 Rc3 62. Bf5 Ra3 63. Ne3 1-0

[Event "WchT Seniors 65"]
[Site "Radebeul"]
[Date "2016.06.27"]
[Round "2.2"]
[White "James, Geoffrey H"]
[Black "Ulrichsen, Jarl Henning"]
[Result "0-1"]
[WhiteElo "2203"]
[BlackElo "2187"]
[PlyCount "94"]
[EventDate "2016.06.26"]
[EventType "team-swiss"]
[EventRounds "9"]
[EventCountry "GER"]
[SourceTitle "CBM 173 Extra"]
[Source "ChessBase"]
[SourceDate "2016.08.29"]
[SourceVersion "1"]
[SourceVersionDate "2016.08.29"]
[SourceQuality "1"]
[WhiteTeam "England"]
[BlackTeam "Norway"]
[WhiteTeamCountry "ENG"]
[BlackTeamCountry "NOR"]

1. e4 c5 2. Nf3 Nc6 3. Bb5 Nd4 4. Bc4 e6 5. c3 Nxf3+ 6. Qxf3 Ne7 7. d3 Nc6 8. Bf4 Qf6 9. Qg3 Qg6 10. Nd2 Be7 11. a4 Qxg3 12. Bxg3 Na5 13. Rb1 b6 14. b4 cxb4 15. cxb4 Nc6 16. b5 Na5 17. 0-0 Bb7 18. Ba2 0-0 19. Rbc1 Rfc8 20. Nb1 g6 21. Be5 Kf8 22. Bb2 Ke8 23. f4 f5 24. e5 g5 25. g3 gxf4 26. gxf4 Kf7 27. Kf2 Rxc1 28. Rxc1 Rg8 29. Rg1 Rc8 30. Rc1 Bc5+ 31. Kf1 Rg8 32. d4 Rg2 33. Bc3 Rxa2 34. dxc5 Nb3 35. Rd1 Nxc5 36. Bb4 Bf3 37. Rd2 Ra1 38. Bxc5 Rxb1+ 39. Kf2 Bd5 40. Bd6 Ra1 41. Rd4 Ra2+ 42. Kg3 Rg2+ 43. Kh3 Rg4 44. Rd2 Rxf4 45. a5 bxa5 46. Bb8 Kg6 47. Bxa7 Kh5 0-1

[Event "NOR-ch Seniors-A"]
[Site "Oslo"]
[Date "2015.07.04"]
[Round "1"]
[White "Wibe, Per H"]
[Black "Ulrichsen, Jarl Henning"]
[Result "0-1"]
[WhiteElo "1681"]
[BlackElo "2093"]
[PlyCount "80"]
[EventDate "2015.07.04"]
[EventType "swiss"]
[EventRounds "9"]
[EventCountry "NOR"]
[SourceTitle "EXT 2017"]
[Source "ChessBase"]
[SourceDate "2016.10.25"]
[SourceVersion "1"]
[SourceVersionDate "2016.10.25"]
[SourceQuality "1"]

1. e4 c5 2. g3 g6 3. Bg2 Bg7 4. Nc3 Nc6 5. Nge2 d6 6. h3 Rb8 7. a4 Bd7 8. 0-0 a6 9. d3 b5 10. axb5 axb5 11. Nf4 e6 12. Nb1 Nge7 13. Ne2 0-0 14. Kh2 Qc7 15. c3 Ra8 16. Na3 Qb7 17. Bf4 e5 18. Be3 Be6 19. Qd2 Na5 20. Rab1 b4 21. Nc2 Rfb8 22. c4 Nb3 23. Qd1 Nc6 24. Nc1 Nbd4 25. b3 Ra7 26. Ne2 Nxc2 27. Qxc2 Rba8 28. Rb2 Ra3 29. Rfb1 R8a7 30. Bd2 Qa8 31. Be3 R7a6 32. Bd2 Ra1 33. Be3 Rxb1 34. Rxb1 Ra1 35. Rb2 Nd4 36. Nxd4 exd4 37. Bd2 Qa7 38. f4 h5 39. h4 Bg4 40. Bh3 Bd1 0-1

[Event "NOR-ch Seniors-A"]
[Site "Trondheim"]
[Date "2014.07.15"]
[Round "5"]
[White "Ulrichsen, Jarl Henning"]
[Black "Strand, Kjetil"]
[Result "1-0"]
[WhiteElo "2076"]
[BlackElo "1897"]
[PlyCount "93"]
[EventDate "2014.07.12"]
[EventType "swiss"]
[EventRounds "9"]
[EventCountry "NOR"]
[SourceTitle "EXT 2017"]
[Source "ChessBase"]
[SourceDate "2016.10.25"]
[SourceVersion "1"]
[SourceVersionDate "2016.10.25"]
[SourceQuality "1"]

1. d4 d5 2. Nf3 Nf6 3. c4 c6 4. Nc3 dxc4 5. a4 Bf5 6. e3 e6 7. Bxc4 Bb4 8. 0-0 Nbd7 9. Bd2 Qe7 10. Qb3 0-0 11. Rfe1 a5 12. Ne2 Bd6 13. Ng3 Bg4 14. Be2 e5 15. dxe5 Nxe5 16. Nxe5 Bxe5 17. Bc3 Be6 18. Bc4 Bxc4 19. Qxc4 Nd5 20. Nf5 Qf6 21. Bxe5 Qxe5 22. Nd4 Rfd8 23. Rad1 Nb4 24. Rd2 Rd6 25. Red1 Rad8 26. h3 h6 27. Nf3 Qf6 28. Rxd6 Rxd6 29. Rd4 Rd5 30. Qc3 Qd6 31. e4 Rxd4 32. Nxd4 Qe5 33. Qe3 b5 34. b3 bxa4 35. bxa4 c5 36. Nf5 c4 37. Qb6 c3 38. Qd8+ Kh7 39. Ne7 h5 40. Qg8+ Kh6 41. Qxf7 Kg5 42. f4+ Qxf4 43. Qxg7+ Kh4 44. Nf5+ Qxf5 45. exf5 c2 46. Kh2 c1Q 47. g3# 1-0

[Event "NOR-ch Seniors-A"]
[Site "Lillehammer"]
[Date "2013.07.03"]
[Round "6"]
[White "Ulrichsen, Jarl Henning"]
[Black "Strand, Kjetil"]
[Result "1-0"]
[WhiteElo "2180"]
[BlackElo "2023"]
[PlyCount "107"]
[EventDate "2013.06.29"]
[EventType "swiss"]
[EventRounds "9"]
[EventCountry "NOR"]
[SourceTitle "EXT 2014"]
[Source "ChessBase"]
[SourceDate "2013.11.20"]
[SourceVersion "1"]
[SourceVersionDate "2013.11.20"]
[SourceQuality "1"]

1. d4 d5 2. Nf3 Nf6 3. c4 c6 4. Nc3 dxc4 5. a4 Bf5 6. e3 e6 7. Bxc4 Bb4 8. 0-0 Nbd7 9. Qe2 0-0 10. Rd1 Ne4 11. Nxe4 Bxe4 12. Bd2 Qa5 13. Bxb4 Qxb4 14. Ng5 Nf6 15. Nxe4 Nxe4 16. Qc2 Rad8 17. Bd3 Nf6 18. Qc3 Qd6 19. Rac1 g6 20. Be2 Rd7 21. Qc5 Qxc5 22. Rxc5 Rfd8 23. f4 h5 24. Bf3 Kg7 25. h3 h4 26. Kf2 Nd5 27. Ke2 f5 28. Rdc1 Kf6 29. Rb1 Rg7 30. b4 g5 31. fxg5+ Rxg5 32. b5 cxb5 33. Rbxb5 b6 34. Rc6 f4 35. e4 Ne3 36. Rxg5 Kxg5 37. Kd3 Kf6 38. Rc7 Rg8 39. e5+ Kg5 40. Re7 Rd8 41. Rxe6 Rd7 42. Re8 Rc7 43. Rg8+ Kf5 44. Bg4+ Nxg4 45. hxg4+ Ke6 46. Rg6+ Kf7 47. Rf6+ Kg7 48. Rxf4 a6 49. Rf6 Rb7 50. g5 a5 51. e6 b5 52. axb5 Rxb5 53. e7 Rb8 54. d5 1-0

[Event "NOR-ch Seniors-A"]
[Site "Lillehammer"]
[Date "2013.07.02"]
[Round "5"]
[White "Kjolberg, Lars"]
[Black "Ulrichsen, Jarl Henning"]
[Result "1/2-1/2"]
[WhiteElo "2135"]
[BlackElo "2180"]
[PlyCount "70"]
[EventDate "2013.06.29"]
[EventType "swiss"]
[EventRounds "9"]
[EventCountry "NOR"]
[SourceTitle "EXT 2014"]
[Source "ChessBase"]
[SourceDate "2013.11.20"]
[SourceVersion "1"]
[SourceVersionDate "2013.11.20"]
[SourceQuality "1"]

1. d4 d5 2. Nf3 Nf6 3. c4 dxc4 4. e3 e6 5. Bxc4 Bb4+ 6. Nc3 0-0 7. 0-0 Nbd7 8. Qe2 c5 9. a3 Ba5 10. Rd1 Qe7 11. Bd2 cxd4 12. exd4 Nb6 13. Bd3 Bxc3 14. bxc3 Bd7 15. c4 Ba4 16. Rdc1 Rfd8 17. Rab1 Qd7 18. Bc3 Qe8 19. Ne5 Nfd7 20. Ba5 Nxe5 21. dxe5 Qd7 22. Be4 Rdc8 23. Rc3 g6 24. Rbc1 Bc6 25. Rd1 Qe7 26. Rd6 Qg5 27. Bxc6 Rxc6 28. Rxc6 bxc6 29. Qe4 Qf5 30. Qxf5 exf5 31. Bb4 c5 32. Ba5 Rd8 33. g3 Rd4 34. Bxb6 axb6 35. Rb3 Rxc4 1/2-1/2

[Event "NOR-ch Seniors-A"]
[Site "Lillehammer"]
[Date "2013.07.01"]
[Round "3"]
[White "Ulrichsen, Jarl Henning"]
[Black "Synnestvedt, Jan"]
[Result "1-0"]
[WhiteElo "2180"]
[BlackElo "1949"]
[PlyCount "70"]
[EventDate "2013.06.29"]
[EventType "swiss"]
[EventRounds "9"]
[EventCountry "NOR"]
[SourceTitle "EXT 2014"]
[Source "ChessBase"]
[SourceDate "2013.11.20"]
[SourceVersion "1"]
[SourceVersionDate "2013.11.20"]
[SourceQuality "1"]

1. c4 c6 2. e4 d5 3. exd5 cxd5 4. d4 e6 5. Nc3 Nf6 6. Nf3 Nc6 7. c5 b6 8. Bb5 Bd7 9. Bxc6 Bxc6 10. Ne5 Qc7 11. Bf4 Qb7 12. b4 bxc5 13. bxc5 Nd7 14. Rb1 Qa6 15. Nxc6 Qxc6 16. Nb5 e5 17. dxe5 Bxc5 18. Qxd5 Qxd5 19. Nc7+ Kd8 20. Nxd5 Re8 21. 0-0 Nxe5 22. Bxe5 Rxe5 23. Rfd1 Bd6 24. Ne3 Kc7 25. Nc4 Re6 26. Rdc1 Bf4 27. Ne3+ Kd8 28. Rd1+ Rd6 29. Nd5 Bh6 30. Nb6 axb6 31. Rxd6+ Kc7 32. Rdxb6 Rxa2 33. Rb7+ Kd6 34. Rxf7 Ke6 35. Rfb7 Kd5 1-0

[Event "NOR-ch Seniors-A"]
[Site "Lillehammer"]
[Date "2013.06.29"]
[Round "1"]
[White "Ulrichsen, Jarl Henning"]
[Black "Ruud, Svein E"]
[Result "1-0"]
[WhiteElo "2180"]
[BlackElo "1986"]
[PlyCount "71"]
[EventDate "2013.06.29"]
[EventType "swiss"]
[EventRounds "9"]
[EventCountry "NOR"]
[SourceTitle "EXT 2014"]
[Source "ChessBase"]
[SourceDate "2013.11.20"]
[SourceVersion "1"]
[SourceVersionDate "2013.11.20"]
[SourceQuality "1"]

1. d4 d5 2. Nf3 Nf6 3. c4 e6 4. Nc3 c6 5. Bg5 Nbd7 6. cxd5 exd5 7. e3 Be7 8. Bd3 0-0 9. Qc2 Re8 10. 0-0 b5 11. Rac1 Bb7 12. Ne5 Nf8 13. Rfe1 Rc8 14. Bf5 Ra8 15. h3 Nh5 16. Bxe7 Qxe7 17. Ne2 g6 18. Bg4 Nf6 19. Nxc6 Qe4 20. Qxe4 Nxe4 21. Nf4 f5 22. Be2 Bxc6 23. Rxc6 a6 24. Nxd5 Red8 25. Nb4 Kf7 26. Rec1 Nd6 27. Nd3 Rac8 28. Rxc8 Rxc8 29. Rxc8 Nxc8 30. Nc5 f4 31. Nxa6 Nd6 32. Nc7 fxe3 33. fxe3 b4 34. b3 Ne4 35. Bc4+ Kg7 36. Na6 1-0

[Event "NOR-ch Senior playoff"]
[Site "Fredrikstad"]
[Date "2012.10.18"]
[Round "1"]
[White "Ulrichsen, Jarl Henning"]
[Black "Kjolberg, Lars"]
[Result "1/2-1/2"]
[WhiteElo "2180"]
[BlackElo "2173"]
[PlyCount "136"]
[EventDate "2012.10.18"]
[EventType "match"]
[EventRounds "2"]
[EventCountry "NOR"]
[SourceTitle "EXT 2024"]
[Source "ChessBase"]
[SourceDate "2023.10.10"]
[SourceVersion "1"]
[SourceVersionDate "2023.10.10"]
[SourceQuality "1"]

1. c4 Nf6 2. Nc3 g6 3. d4 Bg7 4. Nf3 0-0 5. Bg5 d6 6. Qd2 c5 7. d5 Qa5 8. e3 a6 9. Be2 Bg4 10. Bxf6 exf6 11. h3 Bxf3 12. gxf3 f5 13. h4 h5 14. f4 Nd7 15. a3 Rfe8 16. 0-0-0 Bxc3 17. Qxc3 Qxc3+ 18. bxc3 Nf6 19. Kc2 b6 20. a4 a5 21. Rb1 Nd7 22. Bd3 Rab8 23. Kd2 Kf8 24. f3 Ke7 25. Rhe1 Kd8 26. Ke2 Kc7 27. Kf2 Re7 28. Re2 Rbe8 29. Rbe1 Nf6 30. Kg3 Kd8 31. Bb1 Kc7 32. Bc2 Kd8 33. Bd3 Kc7 34. Kg2 Kd8 35. Kf1 Kc7 36. Kf2 Kd8 37. Rb1 Kc7 38. Rg1 Kd8 39. Rh1 Kc7 40. Ra1 Kd8 41. Rf1 Kc7 42. Rb1 Nd7 43. e4 fxe4 44. fxe4 Nf6 45. Kf3 Ng4 46. Rbe1 Kd7 47. Rb1 Rb8 48. Reb2 Kc7 49. e5 dxe5 50. f5 e4+ 51. Bxe4 gxf5 52. Bxf5 Ne5+ 53. Kf4 Nxc4 54. Rg2 Rd8 55. Bd3 Ne5 56. Be4 Rd6 57. Rg5 Ng6+ 58. Bxg6 fxg6 59. Re5 Rf6+ 60. Ke4 Ref7 61. Re6 Rf4+ 62. Ke3 Rf3+ 63. Ke2 Rf2+ 64. Kd3 R7f4 65. Rbxb6 c4+ 66. Ke3 R2f3+ 67. Ke2 Rf2+ 68. Ke3 R2f3+ 1/2-1/2

[Event "NOR-ch Seniors A"]
[Site "Sandefjord"]
[Date "2012.07.09"]
[Round "4"]
[White "Ulrichsen, Jarl Henning"]
[Black "Thorstensen, Roar"]
[Result "1-0"]
[WhiteElo "2083"]
[BlackElo "1488"]
[PlyCount "57"]
[EventDate "2012.07.07"]
[EventType "swiss"]
[EventRounds "9"]
[EventCountry "NOR"]
[SourceTitle "EXT 2024"]
[Source "ChessBase"]
[SourceDate "2023.10.10"]
[SourceVersion "1"]
[SourceVersionDate "2023.10.10"]
[SourceQuality "1"]

1. d4 Nf6 2. c4 e6 3. Nc3 d5 4. Nf3 a6 5. Bg5 Be7 6. e3 h6 7. Bh4 Ne4 8. Bxe7 Qxe7 9. Bd3 Nxc3 10. bxc3 dxc4 11. Bxc4 b5 12. Be2 Bb7 13. 0-0 Nd7 14. a4 c6 15. Qb3 0-0 16. c4 Rab8 17. c5 e5 18. Rfc1 exd4 19. Nxd4 Nxc5 20. Qb4 Qd6 21. Qxc5 Qf6 22. Bf3 Rfe8 23. Qf5 Qd6 24. axb5 Re5 25. Qf4 axb5 26. Bxc6 Bc8 27. Nf3 Re6 28. Qxd6 Rxd6 29. Bxb5 1-0

[Event "NOR-ch Seniors A"]
[Site "Sandefjord"]
[Date "2012.07.08"]
[Round "2"]
[White "Ulrichsen, Jarl Henning"]
[Black "Haug, Kjell Martin"]
[Result "1-0"]
[WhiteElo "2083"]
[BlackElo "1727"]
[PlyCount "45"]
[EventDate "2012.07.07"]
[EventType "swiss"]
[EventRounds "9"]
[EventCountry "NOR"]
[SourceTitle "EXT 2024"]
[Source "ChessBase"]
[SourceDate "2023.10.10"]
[SourceVersion "1"]
[SourceVersionDate "2023.10.10"]
[SourceQuality "1"]

1. e4 e5 2. Bc4 Nf6 3. d3 Be7 4. f4 exf4 5. e5 Ng8 6. Bxf4 d5 7. Bb3 Be6 8. Nf3 h6 9. Nd4 Qd7 10. Nxe6 Qxe6 11. Qf3 c6 12. d4 Nf6 13. Nd2 0-0 14. 0-0 Nfd7 15. c4 Nb6 16. c5 Nc8 17. Bc2 f5 18. exf6 Rxf6 19. Rae1 Qf7 20. Qg4 Na6 21. Be5 Nb4 22. Bxf6 Bxf6 23. Bg6 1-0

[Event "NOR-chT 1011"]
[Site "Oslo"]
[Date "2010.11.07"]
[Round "3"]
[White "Ulrichsen, Jarl Henning"]
[Black "Solem, Trond"]
[Result "0-1"]
[WhiteElo "2196"]
[BlackElo "2203"]
[PlyCount "72"]
[EventDate "2010.11.05"]
[EventType "team-tourn"]
[EventRounds "9"]
[EventCountry "NOR"]
[SourceTitle "EXT 2011"]
[Source "ChessBase"]
[SourceDate "2010.11.26"]
[SourceVersion "1"]
[SourceVersionDate "2010.11.26"]
[SourceQuality "1"]
[WhiteTeam "Trondheim"]
[BlackTeam "Nordstrand"]
[WhiteTeamCountry "NOR"]
[BlackTeamCountry "NOR"]

1. d4 f5 2. c4 Nf6 3. Nc3 g6 4. Bg5 Bg7 5. e3 0-0 6. Bd3 d6 7. Nge2 h6 8. Bxf6 Bxf6 9. e4 Nc6 10. exf5 gxf5 11. d5 Ne5 12. Ng3 f4 13. Nge4 Bg7 14. f3 c6 15. Be2 Qb6 16. Qd2 Bd7 17. c5 dxc5 18. 0-0 c4+ 19. Kh1 Rad8 20. Qc2 Qa5 21. Rad1 b5 22. a3 Bf5 23. dxc6 a6 24. Nd5 Be6 25. Ndc3 Nxc6 26. Nc5 Bf5 27. N3e4 Nd4 28. Bxc4+ Kh8 29. Rxd4 Rxd4 30. Ba2 Rc8 31. Qb3 Rc4 32. h3 Qb6 33. Nd3 Qc7 34. Qd1 Rd4 35. Qe2 Qc2 36. Nxf4 Bxe4 0-1

[Event "NOR-chT 1011"]
[Site "Oslo"]
[Date "2010.11.05"]
[Round "1"]
[White "Ulrichsen, Jarl Henning"]
[Black "Ekeberg, Carl Fredrik"]
[Result "1/2-1/2"]
[WhiteElo "2196"]
[BlackElo "2274"]
[PlyCount "97"]
[EventDate "2010.11.05"]
[EventType "team-tourn"]
[EventRounds "9"]
[EventCountry "NOR"]
[SourceTitle "EXT 2011"]
[Source "ChessBase"]
[SourceDate "2010.11.26"]
[SourceVersion "1"]
[SourceVersionDate "2010.11.26"]
[SourceQuality "1"]
[WhiteTeam "Trondheim"]
[BlackTeam "Asker"]
[WhiteTeamCountry "NOR"]
[BlackTeamCountry "NOR"]

1. d4 Nf6 2. Nf3 e6 3. c3 b6 4. Bg5 Bb7 5. Nbd2 h6 6. Bh4 d6 7. e3 Nbd7 8. Qc2 g5 9. Bg3 Nh5 10. e4 Bg7 11. Bd3 Qe7 12. 0-0-0 0-0-0 13. Rhe1 Kb8 14. Kb1 Ndf6 15. Nc4 Nxg3 16. hxg3 Qd7 17. Ne3 Ng8 18. d5 Ne7 19. Bc4 c5 20. Qb3 e5 21. g4 Bf6 22. Rh1 Rh7 23. Rh5 Rdh8 24. Rdh1 Qd8 25. Nd2 Bc8 26. Qd1 Ng8 27. Qe2 Be7 28. Nf5 Nf6 29. R5h3 Bxf5 30. exf5 Bf8 31. Ne4 Nxe4 32. Qxe4 f6 33. Bb5 Qc7 34. c4 Kc8 35. Qc2 Kd8 36. Re3 h5 37. gxh5 Rxh5 38. Reh3 Rxh3 39. Rxh3 Rxh3 40. gxh3 Qh7 41. Qd3 Qh4 42. a3 Qxf2 43. Qd1 Qxf5+ 44. Ka2 Qxh3 45. Qa4 Qh7 46. Ba6 Qd7 47. Bb5 Qh7 48. Ba6 Qd7 49. Bb5 1/2-1/2

[Event "EU-chT Seniors 12th"]
[Site "Dresden"]
[Date "2010.02.11"]
[Round "2"]
[White "Wiemer, Juergen"]
[Black "Ulrichsen, Jarl Henning"]
[Result "1-0"]
[WhiteElo "2136"]
[BlackElo "2221"]
[PlyCount "119"]
[EventDate "2010.02.10"]
[EventType "team-swiss"]
[EventRounds "9"]
[EventCountry "GER"]
[SourceTitle "CBM 134 Extra"]
[Source "ChessBase"]
[SourceDate "2010.03.03"]
[SourceVersion "1"]
[SourceVersionDate "2010.03.03"]
[SourceQuality "1"]
[WhiteTeam "Mecklenburg Vorpommern Seniors"]
[BlackTeam "Norway (Seniors)"]
[WhiteTeamCountry "GER"]
[BlackTeamCountry "NOR"]

1. e4 c6 2. d4 d5 3. e5 Bf5 4. Ne2 e6 5. f4 Bg6 6. Be3 Qb6 7. b3 Ne7 8. a4 a5 9. Ng3 h5 10. h4 Nf5 11. Nxf5 Bxf5 12. Be2 g6 13. Kf2 Na6 14. c3 Be7 15. g3 Rc8 16. Na3 Kf8 17. Bd3 Kg7 18. Qd2 Rc7 19. Rhc1 Rd7 20. Rcb1 Rc8 21. Bxf5 gxf5 22. Qd3 Kh6 23. Nc2 Rg8 24. Ne1 c5 25. Qb5 Qc7 26. Nf3 Rc8 27. Rc1 Rdd8 28. Qd3 c4 29. bxc4 dxc4 30. Qb1 Qc6 31. Rh1 Nc7 32. Ng5 Bf8 33. Nxf7+ Kg6 34. Ng5 Nd5 35. Bd2 Rb8 36. Qb5 Re8 37. Rab1 Qxb5 38. Rxb5 Bh6 39. Nxe6 Rxe6 40. Rxd5 Rb6 41. Rxa5 Rb2 42. Rd1 Kf7 43. Rc5 Bf8 44. Rxc4 Ke6 45. Rc7 Rd8 46. Ke3 Rb3 47. Kd3 Rd7 48. Rc8 Be7 49. Bc1 Rd8 50. Rxd8 Bxd8 51. d5+ Kf7 52. Kc2 Rb6 53. Ba3 Rg6 54. Rd3 b6 55. c4 Rg8 56. a5 bxa5 57. c5 a4 58. Bb4 Rg6 59. Ra3 Ra6 60. Kd3 1-0

[Event "EU-chT Seniors 11th"]
[Site "Velden"]
[Date "2009.04.08"]
[Round "4"]
[White "Denda, Ronald"]
[Black "Ulrichsen, Jarl Henning"]
[Result "1/2-1/2"]
[WhiteElo "2066"]
[BlackElo "2227"]
[PlyCount "31"]
[EventDate "2009.04.05"]
[EventType "team-swiss"]
[EventRounds "9"]
[EventCountry "AUT"]
[SourceTitle "CBM 129 Extra"]
[Source "ChessBase"]
[SourceDate "2009.05.05"]
[SourceVersion "2"]
[SourceVersionDate "2009.05.20"]
[SourceQuality "1"]

1. e4 c6 2. d4 d5 3. exd5 Qxd5 4. Nf3 Bg4 5. Be2 e6 6. Bf4 Nf6 7. 0-0 Be7 8. Nc3 Qa5 9. Ne5 Bxe2 10. Nxe2 0-0 11. c3 Nbd7 12. Qb3 Qb6 13. Rfe1 Rfe8 14. Nxd7 Nxd7 15. Ng3 Nf8 16. Ne4 1/2-1/2